000 00689nam a2200277Ia 4500
005 20260324115559.0
008 008 260324s9999 xx 000 0 eng d
020 _a9781315212708
037 _aEBOOK
040 _aCRL
040 _beng
040 _cCRL
041 _2eng
041 _aeng
084 _qCRL
100 _aRon Bialek; Leslie M. Beitsch; John W. Moran
_91155212
245 0 _aSolving Population Health Problems through Collaboration
260 _bTaylor and Francis
260 _c2017
365 _a
365 _b265
856 _uhttp://www.taylorfrancis.com/books/9781315212708
942 _cEBOOK
999 _c1746192
_d1746192